20 common problems in gastroenterology
Equips physicians with a practical guide to the diagnosis and treatment of the 20 most common GI problems encountered in day-to-day practice. The book takes a holistic approach to enhance patient participation, adherence, family dynamics, and satisfaction with care.
Đã lưu trong:
| Format: | Bog |
|---|---|
| Sprog: | Undetermined |
| Udgivet: |
New York
McGraw-Hill
2002
|
| Fag: | |
| Tags: |
Tilføj Tag
Ingen Tags, Vær først til at tagge denne postø!
|
| Thư viện lưu trữ: | Trung tâm Học liệu Trường Đại học Cần Thơ |
|---|
| LEADER | 00797nam a2200193Ia 4500 | ||
|---|---|---|---|
| 001 | CTU_150761 | ||
| 008 | 210402s9999 xx 000 0 und d | ||
| 082 | |a 616.33 | ||
| 082 | |b T971 | ||
| 245 | 0 | |a 20 common problems in gastroenterology | |
| 245 | 0 | |c Editor Steven A. Edmundowicz | |
| 260 | |a New York | ||
| 260 | |b McGraw-Hill | ||
| 260 | |c 2002 | ||
| 520 | |a Equips physicians with a practical guide to the diagnosis and treatment of the 20 most common GI problems encountered in day-to-day practice. The book takes a holistic approach to enhance patient participation, adherence, family dynamics, and satisfaction with care. | ||
| 650 | |a Gastrointestinal system,Primary care (Medicine) | ||
| 650 | |x Diseases | ||
| 904 | |i Năm | ||
| 980 | |a Trung tâm Học liệu Trường Đại học Cần Thơ | ||